ՀՀ Գիտությունների ազգային ակադեմիայի հիմնարար գիտական գրադարան  =   Fundamental Scientific Library of NAS RA

Լացածիծաղ ։ (Record no. 536462)

MARC details
000 -LEADER
fixed length control field 01071nam a2200241 a 4500
001 - CONTROL NUMBER
control field 1892728
003 - CONTROL NUMBER IDENTIFIER
control field AM-YEHGA
005 - DATE AND TIME OF LATEST TRANSACTION
control field 20250917132330.0
008 - FIXED-LENGTH DATA ELEMENTS--GENERAL INFORMATION
fixed length control field 230323s2022 ai a||||||||||000|1|arm|d
020 ## - INTERNATIONAL STANDARD BOOK NUMBER
International Standard Book Number 978-9939-60-773-3
040 ## - CATALOGING SOURCE
Original cataloging agency AM-YeHGA
041 0# - LANGUAGE CODE
Language code of text/sound track or separate title arm
100 1# - MAIN ENTRY--PERSONAL NAME
Personal name Մելիք-Սարգսյան, Գրիգոր Համբարձումի,
Dates associated with a name 1952-
245 10 - TITLE STATEMENT
Title Լացածիծաղ ։
Remainder of title [Բանաստեղծություններ] /
Statement of responsibility, etc. Գր. Մելիք-Սարգսյան ; Առաջաբանի հեղինակ՝ Ա. Սահակյան ; [Խմբագիր՝ Գ. Բալայան ; Սրբագրիչ՝ Ա. Ղազինյան].
260 ## - PUBLICATION, DISTRIBUTION, ETC.
Place of publication, distribution, etc. Երևան :
Name of publisher, distributor, etc. ՎՄՎ-Պրինտ,
Date of publication, distribution, etc. 2022.
300 ## - PHYSICAL DESCRIPTION
Extent 75 էջ ։
Other physical details լուսանկար ;
Dimensions 20 սմ.
650 14 - SUBJECT ADDED ENTRY--TOPICAL TERM
Topical term or geographic name entry element Հայ պոեզիա
9 (RLIN) 4512
650 17 - SUBJECT ADDED ENTRY--TOPICAL TERM
Topical term or geographic name entry element Հայ երգիծանք
9 (RLIN) 4521
700 1# - ADDED ENTRY--PERSONAL NAME
Personal name Բալայան, Գ.
Relator term խմբագիր
Relationship edt
700 1# - ADDED ENTRY--PERSONAL NAME
Personal name Ղազինյան, Ա.
Relator term սրբագրիչ
Relationship crr
700 1# - ADDED ENTRY--PERSONAL NAME
Personal name Սահակյան, Արամայիս Ադամի,
Dates associated with a name 1936-2013
Relator term առաջաբանի հեղինակ
Relationship aui
9 (RLIN) 2373
942 ## - ADDED ENTRY ELEMENTS (KOHA)
Source of classification or shelving scheme Other/Generic Classification Scheme
Koha item type Գրքեր / Books
Holdings
Withdrawn status Lost status Source of classification or shelving scheme Damaged status Not for loan Collection Home library Current library Date acquired Total checkouts Full call number Barcode Date last seen Price effective from Koha item type Public note
    Universal Decimal Classification     General Fundamental Scientific Library Fundamental Scientific Library 28/08/2025   AII/113511 FL0695629 10/09/2025 10/09/2025 Գրքեր / Books 30 Days Loan
    Universal Decimal Classification     General Fundamental Scientific Library Fundamental Scientific Library 28/08/2025   AII/113512 FL0695628 10/09/2025 10/09/2025 Գրքեր / Books 30 Days Loan


ՀՀ ԳԱԱ հիմնարար գիտական գրադարան
ՀՀ,Երևան 0019
Մարշալ Բաղրամյան 24/6
հեռախոս:(374-10) 52-47-50
Հետադարձ կապ

All site content, except where otherwise noted, is licensed under a
Creative Commons License